000
00349 a2200169 4500
001
186505
020
_a
85-281-0081-2
040
_c
Magnum
100
_a
Machado, Ana Maria
240
1
0
_a
Jeca, o tatu
_l
por
245
1
0
_a
Jeca, o tatu
300
_a
22
362
0
_a
1993
440
1
_a
Salamandra
697
_a
LITERATURA INFANTIL
942
_c
BK
999
_c
186505
_d
186505